[Event "NRW Class2 1314"]
[Site "Germany"]
[Date "2013.09.15"]
[Round "1.7"]
[White "Schwenke, Markus"]
[Black "Rempel, Eugen"]
[Result "0-1"]
[WhiteElo "1902"]
[BlackElo "2151"]
[PlyCount "28"]
[EventDate "2013.09.15"]
[EventType "team-tourn"]
[EventRounds "9"]
[EventCountry "GER"]
[SourceTitle "EXT 2015"]
[Source "ChessBase"]
[SourceDate "2014.11.20"]
[SourceVersion "1"]
[SourceVersionDate "2014.11.20"]
[SourceQuality "1"]
[WhiteTeam "Holsterhausen"]
[BlackTeam "Dortmund Hansa II"]
[WhiteTeamCountry "GER"]
[BlackTeamCountry "GER"]

1. d4 Nf6 2. Nf3 c5 3. e3 e6 4. c4 d5 5. Nc3 Nc6 6. dxc5 Bxc5 7. cxd5 exd5 8. Bd3 Bg4 9. Qb3 0-0 10. Qxb7 Nb4 11. Qb5 a6 12. Bxh7+ Kxh7 13. Qe2 Bf5 14. 0-0 Bd3 0-1

[Event "Oberliga NRW 1213"]
[Site "Germany"]
[Date "2013.01.20"]
[Round "5.4"]
[White "Souleidis, Georgios"]
[Black "Rempel, Eugen"]
[Result "1-0"]
[WhiteElo "2369"]
[BlackElo "2119"]
[PlyCount "145"]
[EventDate "2012.09.16"]
[EventType "team-tourn"]
[EventRounds "9"]
[EventCountry "GER"]
[SourceTitle "EXT 2017"]
[Source "ChessBase"]
[SourceDate "2016.10.25"]
[SourceVersion "1"]
[SourceVersionDate "2016.10.25"]
[SourceQuality "1"]
[WhiteTeam "Bochum Wattenscheid II"]
[BlackTeam "Dortmund Hansa II"]
[WhiteTeamCountry "GER"]
[BlackTeamCountry "GER"]

1. e4 e5 2. Nf3 Nc6 3. Bc4 Nf6 4. d3 Bc5 5. c3 d6 6. Bb3 a6 7. Nbd2 Ba7 8. h3 0-0 9. 0-0 h6 10. Re1 Be6 11. Bc2 Qd7 12. Nf1 Rad8 13. Ng3 Ne7 14. d4 Ng6 15. Kh2 c6 16. a4 Bb8 17. a5 d5 18. dxe5 Nxe4 19. Bxe4 dxe4 20. Qxd7 Rxd7 21. Nxe4 Nxe5 22. Nxe5 Bxe5+ 23. Kg1 Bd5 24. Nc5 Re7 25. Be3 Rfe8 26. Red1 f5 27. Nd3 Bc7 28. b4 g5 29. Bb6 Bb8 30. Rac1 Bb3 31. Re1 Bc4 32. Rxe7 Rxe7 33. Nb2 Bf4 34. Rd1 Be2 35. Rd8+ Kh7 36. Bc5 Rf7 37. f3 Bc1 38. Nd3 Bxd3 39. Rxd3 f4 40. Rd1 Bb2 41. Bd4 Re7 42. Kf2 Kg6 43. Rb1 Ba3 44. Re1 Rd7 45. Re6+ Kh5 46. Re4 Rd5 47. Ke2 c5 48. Bxc5 Bb2 49. Bd4 Rd7 50. Kd3 Kh4 51. Kc2 Kg3 52. Kxb2 Kxg2 53. Re6 Rh7 54. Rg6 Kxf3 55. Bg7 Ke4 56. Bxh6 Kf5 57. Rxg5+ Kf6 58. Rg4 Rxh6 59. Rxf4+ Ke6 60. h4 Kd6 61. Kb3 Kc6 62. Rg4 Kc7 63. Kc4 Kc6 64. Kd4 Kd6 65. Ke4 Ke6 66. Kf4 Kf6 67. Kg3 Rh7 68. Rg5 Re7 69. Rc5 Rg7+ 70. Kf4 Rg1 71. Rc7 Rc1 72. h5 Rh1 73. Rxb7 1-0

[Event "Illertissen op"]
[Site "Illertissen"]
[Date "2005.08.31"]
[Round "5"]
[White "Rempel, Eugen"]
[Black "Holzhaeuer, Mathias"]
[Result "0-1"]
[WhiteElo "2041"]
[BlackElo "2346"]
[PlyCount "38"]
[EventDate "2005.08.27"]
[EventType "swiss"]
[EventRounds "9"]
[EventCountry "GER"]
[SourceTitle "CBM 108 Extra"]
[Source "ChessBase"]
[SourceDate "2005.11.04"]
[SourceVersion "1"]
[SourceVersionDate "2005.11.04"]
[SourceQuality "1"]

1. e4 Nc6 2. Nf3 f5 3. Bc4 fxe4 4. Bxg8 exf3 5. Bd5 fxg2 6. Bxg2 e6 7. d4 Qf6 8. Be3 d5 9. 0-0 Bd6 10. Nd2 Nxd4 11. Ne4 dxe4 12. Qxd4 Qh4 13. f4 0-0 14. Qxe4 Bd7 15. Qxb7 Rab8 16. Qe4 Rxb2 17. Rf3 Qh5 18. Bxa7 Rb4 19. Bd4 Rxd4 0-1

[Event "Illertissen op"]
[Site "Illertissen"]
[Date "2005.08.30"]
[Round "4"]
[White "Hallmann, Norbert"]
[Black "Rempel, Eugen"]
[Result "1/2-1/2"]
[WhiteElo "2215"]
[BlackElo "2041"]
[PlyCount "144"]
[EventDate "2005.08.27"]
[EventType "swiss"]
[EventRounds "9"]
[EventCountry "GER"]
[SourceTitle "CBM 108 Extra"]
[Source "ChessBase"]
[SourceDate "2005.11.04"]
[SourceVersion "1"]
[SourceVersionDate "2005.11.04"]
[SourceQuality "1"]

1. d4 d5 2. c4 c6 3. Nc3 Nf6 4. e3 e6 5. Nf3 Nbd7 6. Bd3 Bd6 7. 0-0 0-0 8. cxd5 exd5 9. e4 Nxe4 10. Nxe4 dxe4 11. Bxe4 h6 12. Bc2 Nf6 13. Qd3 Re8 14. Re1 Rxe1+ 15. Nxe1 Be6 16. Nf3 Bd5 17. Bd2 Be4 18. Qb3 Bxc2 19. Qxc2 Nd5 20. Re1 Bc7 21. Qe4 Bb6 22. h3 Qf6 23. g4 Qg6 24. Bc3 Qxe4 25. Rxe4 Rd8 26. Kf1 Kf8 27. Ke1 Re8 28. Rxe8+ Kxe8 29. Bd2 Ke7 30. Ke2 Nc7 31. Kd3 Ne6 32. Be3 Nc7 33. Nh4 Kf6 34. Nf5 Ne8 35. Bf4 Ke6 36. f3 h5 37. Be5 f6 38. Bf4 g6 39. Ne3 Ng7 40. Nc4 Kd5 41. Ne3+ Ke6 42. Kc4 hxg4 43. hxg4 Kd7 44. Bh2 Ne6 45. Nc2 Ng5 46. Ne1 Ba5 47. b4 b5+ 48. Kc3 Bb6 49. Kd3 Ke6 50. Bf4 Nf7 51. Nc2 f5 52. Ne3 Bd8 53. Ng2 Be7 54. a3 Nd6 55. Bxd6 Bxd6 56. gxf5+ gxf5 57. Kc3 Bf8 58. Ne1 Bh6 59. Nd3 Kd5 60. Ne1 Bc1 61. Nc2 Bf4 62. Kd3 Bc1 63. Kc3 a6 64. Kb3 Bd2 65. a4 bxa4+ 66. Kxa4 Kc4 67. Ka5 Kc3 68. Na1 Kb2 69. Kxa6 Bxb4 70. Kb6 Kxa1 71. Kxc6 Kb2 72. Kd5 Kb3 1/2-1/2

[Event "Stuttgart-chA int"]
[Site "Ditzingen"]
[Date "2005.05.07"]
[Round "6"]
[White "Rempel, Eugen"]
[Black "Schmahl, Stephan"]
[Result "0-1"]
[WhiteElo "2060"]
[BlackElo "2173"]
[PlyCount "42"]
[EventDate "2005.05.05"]
[EventType "swiss"]
[EventRounds "7"]
[EventCountry "GER"]
[SourceTitle "EXT 2018"]
[Source "ChessBase"]
[SourceDate "2017.10.13"]
[SourceVersion "1"]
[SourceVersionDate "2017.10.13"]
[SourceQuality "1"]

1. e4 e6 2. d3 d5 3. Nd2 Nf6 4. g3 b6 5. Bg2 Bb7 6. Qe2 Be7 7. Ngf3 dxe4 8. dxe4 0-0 9. 0-0 c5 10. e5 Nfd7 11. Ne4 Ba6 12. c4 Nc6 13. Rd1 Qc7 14. Bf4 Rad8 15. Nf6+ Kh8 16. Qe4 gxf6 17. Rxd7 Qxd7 18. exf6 Bxf6 19. Ng5 Bxg5 20. Bxg5 f6 21. Bh6 Nd4 0-1

[Event "Stuttgart-chA int"]
[Site "Ditzingen"]
[Date "2005.05.05"]
[Round "1"]
[White "Rempel, Eugen"]
[Black "Reich, Thomas"]
[Result "0-1"]
[WhiteElo "2060"]
[BlackElo "2398"]
[PlyCount "76"]
[EventDate "2005.05.05"]
[EventType "swiss"]
[EventRounds "7"]
[EventCountry "GER"]
[SourceTitle "EXT 2018"]
[Source "ChessBase"]
[SourceDate "2017.10.13"]
[SourceVersion "1"]
[SourceVersionDate "2017.10.13"]
[SourceQuality "1"]

1. e4 c5 2. Nf3 g6 3. g3 Nc6 4. Bg2 Bg7 5. d3 d6 6. 0-0 Nf6 7. Re1 0-0 8. Nbd2 Bd7 9. a4 Rb8 10. Nc4 Ng4 11. Bf4 Nge5 12. Nfxe5 dxe5 13. Bd2 b6 14. Bc3 Qc7 15. Ne3 e6 16. Nc4 Rfd8 17. h4 h5 18. g4 hxg4 19. Qxg4 Kh7 20. h5 g5 21. Re3 Rg8 22. h6 Bh8 23. Qh5 Rg6 24. Rf3 Rf8 25. Bh3 Be8 26. Rg3 Rfg8 27. Ne3 Nd4 28. Bxd4 cxd4 29. Nf5 exf5 30. Bxf5 Qxc2 31. Qxg5 Bd7 32. Bxg6+ Rxg6 33. Qe7 Be6 34. Rxg6 Kxg6 35. Qh4 Qxd3 36. h7 Qf3 37. Kh2 Qf4+ 38. Qxf4 exf4 0-1

[Event "Stuttgart-chA"]
[Site "Stuttgart"]
[Date "2004.??.??"]
[Round "?"]
[White "Rempel, Eugen"]
[Black "Tscharotschkin, Michael"]
[Result "0-1"]
[WhiteElo "1945"]
[BlackElo "2225"]
[PlyCount "64"]
[EventDate "2004.05.20"]
[EventType "swiss"]
[EventRounds "7"]
[EventCountry "GER"]
[SourceTitle "EXT 2007"]
[Source "ChessBase"]
[SourceDate "2006.11.23"]
[SourceVersion "1"]
[SourceVersionDate "2006.11.23"]
[SourceQuality "1"]

1. e4 e6 2. d4 d5 3. Nd2 Nf6 4. e5 Nfd7 5. Bd3 c5 6. c3 Nc6 7. Ne2 cxd4 8. cxd4 Qb6 9. Nf3 f6 10. exf6 Nxf6 11. 0-0 Bd6 12. Re1 0-0 13. Nc3 Bd7 14. Bg5 Kh8 15. Bf1 Ng4 16. Bh4 Na5 17. Rb1 Qc7 18. Bg3 Bxg3 19. hxg3 Nc6 20. Rc1 Qd8 21. Bd3 Qf6 22. Bb1 Qh6 23. Rc2 Be8 24. Rd2 Kg8 25. Nb5 Rd8 26. Nh4 Bh5 27. f3 Ne3 28. Qe2 Nc4 29. Red1 g5 30. b3 Nd6 31. Nxd6 Rxd6 32. Qe3 Qg7 0-1